000 01270cam a2200337 4500
999 _c21385
_d21385
001 2710169
003 BDDh-ASL
005 20231015030006.0
008 900927s1963 ch ach b 000 0 eng
010 _a 76230427
040 _aDLC
_cDLC
_dDLC
_dBDDh-ASL
041 1 _aeng
_hchi
043 _aa-cc---
_aa-hk---
_ae------
050 0 0 _aDS796.H7
_bL593 1963
082 0 0 _a327.5125
_bLIR
100 1 _aLo, Hsiang-lin,
_d1905-1978.
240 1 0 _aHsiang-kang yü Chung hsi wên hua chih chiao liu.
_lEnglish.
245 1 4 _aThe role of Hong Kong in the cultural interchange between East and West, Volume-2.
260 _aTokyo,
_bCenter for East Asian Cultural Studies,
_c1963.
300 _a195-289, 56 p.:
_billus., facsims., port.
_c19 cm.
440 0 _aEast Asian cultural studies series,
_vno. 6-7
500 _aTranslation of: Hsiangkang yü Chung hsi wên hua chih chiao liu
504 _aIncludes bibliographical references.
650 0 _92973
_aInternatioal Relation
651 0 _aHong Kong (China)
_xRelations
_zChina.
651 0 _aChina
_xRelations
_zChina
_zHong Kong.
651 0 _aHong Kong (China)
_xRelations
_zEurope.
651 0 _aEurope
_xRelations
_zChina
_zHong Kong.
906 _a7
_bcbc
_corignew
_d4
_encip
_f19
_gy-gencatlg
942 _2ddc
_cBK